000 00403nam a2200169Ia 4500
008 230524s9999 xx 000 0 und d
020 _a9814033464
082 _a5.133
_bNIL
100 _aN.J.Nilsson
245 0 _aPrinciples Artificial Intelligence
250 _a1ST
260 _aNEW DELHI
_bNarosa
_c1990
300 _aX;476
500 _aQuantity Number: 38
650 _aComp-Sc
942 _cBK
999 _c20435
_d20435